|
|
|
|
| LEADER |
01122nam a2200277 a 4500 |
| 001 |
1635917 |
| 008 |
120119s1997 enk b 001 0 eng |
| 010 |
|
|
|a 96034464
|
| 020 |
|
|
|a 185649425X
|
| 020 |
|
|
|a 1856494268 (pbk.)
|
| 040 |
|
|
|a DLC
|c DLC
|d DLC
|d BD-DhAAL
|
| 050 |
0 |
0 |
|a HQ56
|b .P782 1997
|
| 082 |
0 |
0 |
|a 306.7/082
|2 20
|
| 245 |
0 |
0 |
|a Power, reproduction and, gender:
|b the inter-generational transfer of knowledge /
|c edited by Wendy Harcourt.
|
| 260 |
|
|
|a London ;
|a Atlantic Highlands, N.J. :
|b Zed Books,
|c c1997.
|
| 300 |
|
|
|a x, 205 p. :
|c 23 cm.
|
| 504 |
|
|
|a Includes bibliographical references and index.
|
| 541 |
|
|
|e 00024319
|
| 650 |
|
0 |
|a Sex instruction
|v Case studies.
|
| 650 |
|
0 |
|a Women
|x Sexual behavior
|v Case studies.
|
| 650 |
|
0 |
|a Intergenerational relations
|v Case studies.
|
| 650 |
|
0 |
|a Women in development
|v Case studies.
|
| 700 |
1 |
|
|a Harcourt, Wendy,
|d 1959-
|
| 852 |
1 |
|
|a James P Grant School of Public Health
|c General Shelf.
|
| 999 |
|
|
|c 11787
|d 11787
|
| 952 |
|
|
|0 0
|1 0
|2 ddc
|4 0
|6 306_708200000000000_POW
|7 0
|9 19212
|a JPGSPH
|b JPGSPH
|c GEN
|d 2012-01-18
|l 0
|o 306.7082 POW
|p 3060024319
|r 2012-01-19
|t 1
|w 2012-01-19
|y BK
|